| Tag |
First Indicator |
Second Indicator |
Subfields |
| LEADER |
00000cam a2200000 4500 |
| 001 |
in00000065177 |
| 005 |
20151008051228.0 |
| 008 |
751024s1940 nyu b 00000 eng |
| 010 |
|
|
|a 40032586
|
| 035 |
|
|
|a (OCoLC)01732759
|
| 035 |
|
|
|9 AAG6598AM
|
| 040 |
|
|
|a DLC
|c TOL
|d TOL
|d TXA
|d UtOrBLW
|
| 049 |
|
|
|a TXAM
|c [141346]
|
| 050 |
|
0 |
|a HG173
|b .J3 1940
|
| 092 |
|
|
|a 332
|b J27e3
|
| 100 |
1 |
|
|a James, Frank Cyril,
|d 1900-
|
| 245 |
1 |
4 |
|a The economics of money, credit and banking /
|c by F. Cyril James.
|
| 250 |
|
|
|a 3d ed., rev.and enl.
|
| 264 |
|
1 |
|a New York :
|b The Ronald press company,
|c [1940]
|
| 264 |
|
4 |
|c [©1940]
|
| 300 |
|
|
|a xxi, 745 pages :
|b including illustrations (maps) diagrams, forms. ;
|c 24cm.
|
| 336 |
|
|
|a text
|b txt
|2 rdacontent
|
| 337 |
|
|
|a unmediated
|b n
|2 rdamedia
|
| 338 |
|
|
|a volume
|b nc
|2 rdacarrier
|
| 500 |
|
|
|a "Suggestions for futher [sic] reading" at end of each chapter
|
| 650 |
|
0 |
|a Money.
|
| 650 |
|
0 |
|a Credit.
|
| 650 |
|
0 |
|a Banks and banking.
|
| 999 |
|
|
|a MARS
|
| 999 |
f |
f |
|s 1ee1ba1f-525e-3366-af5c-4b4061d6af6d
|i c917bd60-d9e3-30ca-b8c7-fc0e0338db43
|t 0
|
| 952 |
f |
f |
|p ric
|a Texas A&M University
|b Rellis Campus
|c Joint Library Facility
|d Remote Storage
|t 0
|e HG173 .J3 1940
|h Library of Congress classification
|i unmediated -- volume
|m A14800726433
|
| 998 |
f |
f |
|a HG173 .J3 1940
|t 0
|l Remote Storage
|